000 00305nam a22001337a 4500
008 170802b xxu||||| |||| 00| 0 eng d
020 _a9780130473776
041 _aeng
080 _a004
100 _a32
101 _aSHKI
245 _aPOWER PROGRAMMING WITH VBA/ EXCEL
_cCHAPRA, S.C
942 _2udc
_cBK
999 _c22539
_d22539